| 000 | 00962nas a2200313 4500 | ||
|---|---|---|---|
| 001 | BR2015000843 | ||
| 003 | BR-BrBNA | ||
| 005 | 20231205125019.0 | ||
| 007 | ta | ||
| 008 | 230509b bl.|||p| |||| 00| 00por d | ||
| 040 |
_aBR-BrBNA _bpor _cBiblioteca Nacional de Agricultura |
||
| 041 | _a(En) | ||
| 072 | _aP34; F02 | ||
| 100 | 1 | _aKUnze, A. | |
| 100 | 1 | _aLovato, P.E. | |
| 100 | 1 | _aCosta, M.D. | |
| 100 | 1 | _aVesco, L.L. dal | |
| 245 | 1 | _aPineapple (Ananas comosus)cv. Perola ex vitro growth and mycorrhizal colonization affected by in vitro sucrose concentration | |
| 650 | _aABACAXI | ||
| 650 | _aANANAS COMOSUS | ||
| 650 | _aCRESCIMENTO | ||
| 650 | _aMICORRIZA | ||
| 650 | _aSACAROSE | ||
| 650 | _aACLIMATAÇÃO | ||
| 650 | _aMICROPROPAGAÇÃO | ||
| 773 | 0 |
_tRevista Brasileira de Fruticultura (Brazil) _xISSN 0100-2945 _g(Sep 2014), v. 36(3) p. 766-770 _wBR2015000843 |
|
| 909 |
_a202311 _bLúcia _c55 _dLúcia Elande |
||
| 942 |
_2AGRIS _n0 _cANA |
||
| 999 |
_c242137 _d242137 |
||